000 00251nam a2200097Ia 4500
001 683339
005 20250826161436.0
008 250824s9999 xx 000 0 und d
245 0 _aKUTÜL AMARE KAHRAMANLARI
_cERHAN ÇİFCİ
260 _bTİMAŞ YAYINLARI
999 _c683339
_d683339